KOHA-Header-6

Fundamentals of Game Design (Record no. 12823)

000 -LEADER
fixed length control field 00296nam a22001337a 4500
020 ## - INTERNATIONAL STANDARD BOOK NUMBER
ISBN 9789332540248
082 ## - DEWEY DECIMAL CLASSIFICATION NUMBER
Classification number 794.815
100 ## - MAIN ENTRY--AUTHOR NAME
Personal name Adams Ernest
245 ## - TITLE STATEMENT
Title Fundamentals of Game Design
250 ## - EDITION STATEMENT
Edition statement 3rd
260 ## - PUBLICATION, DISTRIBUTION, ETC. (IMPRINT)
Place of publication India
Name of publisher Dorling Kindersley
Year of publication 2014
300 ## - PHYSICAL DESCRIPTION
Number of Pages 560 pages
942 ## - ADDED ENTRY ELEMENTS (KOHA)
Koha item type Books
Holdings
Withdrawn status Lost status Collection code Permanent Location Current Location Shelving location Date acquired Full call number Accession Number Koha item type
    Computer Science MAJU MAJU Shelf No.A33 2020-12-07 794.815 9943 Computer Science

Powered by Koha